10 Biggest cities in Estonia - Statistics

General Stats
  • This quiz has been taken 285 times
  • The average score is 5 of 10
Answer Stats
Population Cities % Correct
394 024 Tallinn
99%
101 092 Tartu
87%
66 980 Narva
79%
44 192 Pärnu
72%
14 921 Kuressaare
43%
16 736 Rakvere
40%
46 060 Kohtla-Järve
32%
20 309 Viljandi
32%
16 630 Maardu
26%
16 672 Sillamäe
14%
No matching quizzes found
Score Distribution
Percent of People with Each Score
Percentile by Number Answered
Your Score History
You have not taken this quiz